000 00517nam a22001937a 4500
005 20201107132726.0
008 201107b ||||| |||| 00| 0 eng d
020 _a978894192619
040 _aIN-DiNC
_cIN-DiNC
041 _deng
082 _a338.5
_bGAR
100 _aGarg, Sandeep
_eauthor
245 _aIntroductory microeconomics/
_cby Sandeep Garg
250 _a11th rev. ed.
260 _aNew Delhi:
_bDhanpat rai publications,
_c2020
650 _aEconomics
650 _aMicroeconomics
942 _2ddc
_cBK
999 _c11068
_d11068